000 00371nam a2200145Ia 4500
008 240729s9999 xx 000 0 und d
022 _a2211-3355
245 0 _aPreventive Medicine Reports
260 _aUnited States
260 _bElsevier
650 _aMedicine
856 _uhttps://doaj.org/toc/4d0b831beec942f1965d9a95fb385fce
942 _2ddc
942 _cDOAJEJ
999 _c70354
_d70354
945 _a1
_bMadushi Gamage
_c1
_dMadushi Gamage